Điều kiện biến chất đá chứa A Ruby mỏ Quỳ Châu Nghệ An /
में बचाया:
| मुख्य लेखक: | |
|---|---|
| अन्य लेखक: | , |
| स्वरूप: | लेख |
| भाषा: | Vietnamese |
| विषय: | |
| टैग : |
टैग जोड़ें
कोई टैग नहीं, इस रिकॉर्ड को टैग करने वाले पहले व्यक्ति बनें!
|
| Thư viện lưu trữ: | Thư viện Trường Đại học Đà Lạt |
|---|
| LEADER | 00914nam a2200289 4500 | ||
|---|---|---|---|
| 001 | DLU110118914 | ||
| 005 | ##20110323 | ||
| 040 | # | # | |a DLU |b vie |
| 041 | # | # | |a vie |
| 044 | # | # | |a vn |
| 100 | # | # | |a Tạ Trọng Thắng. |
| 245 | # | # | |a Điều kiện biến chất đá chứa A Ruby mỏ Quỳ Châu Nghệ An / |c Tạ Trọng Thắng, Vũ Văn Tích, Nguyễn Văn Vượng. |
| 653 | # | # | |a Địa chất học |
| 653 | # | # | |a Khoáng chất học |
| 653 | # | # | |a Thạch học |
| 700 | # | # | |a Nguyễn Văn Vượng. |
| 700 | # | # | |a Vũ Văn Tích |
| 773 | # | # | |t Tạp chí Các khoa học về trái đất |g Số 1(30), 2008, tr. 1-5 |
| 920 | # | # | |a Phòng Tạp chí -- Trung tâm Thông tin - Thư viện Trường Đại học Đà Lạt |
| 994 | # | # | |a DLU |
| 900 | # | # | |a True |
| 911 | # | # | |a Nguyễn Thị Linh Chi |
| 925 | # | # | |a G |
| 926 | # | # | |a A |
| 927 | # | # | |a BB |
| 980 | # | # | |a Thư viện Trường Đại học Đà Lạt |